Obras de la gloriosa madre Santa Teresa de Iesvs, fundadora de la reforma de la orden de nuestra Señora del Carmen de la Primera Observancia. (Record no. 8460)

MARC details
000 -CABECERA
campo de control de longitud fija 00736nam a2200181 a 4500
001 - NÚMERO DE CONTROL
campo de control BRCA_8809
005 - FECHA Y HORA DE LA ÚLTIMA TRANSACCIÓN
campo de control 20190320210424.0
008 - DATOS DE LONGITUD FIJA--INFORMACIÓN GENERAL
campo de control de longitud fija 240417s1678----sp-#######---#000-0#spa-#
040 ## - FUENTE DE LA CATALOGACIÓN
Centro catalogador/agencia de origen spa
084 ## - OTRO NÚMERO DE CLASIFICACIÓN
Número de clasificación BE190
Número de documento/Ítem .O27 1678
245 10 - MENCIÓN DE TÍTULO
Título Obras de la gloriosa madre Santa Teresa de Iesvs, fundadora de la reforma de la orden de nuestra Señora del Carmen de la Primera Observancia.
300 ## - DESCRIPCIÓN FÍSICA
Extensión [6], [67], 789 p. (t.2)
Dimensiones 19.2 x 15 cm.
500 ## - NOTA GENERAL
Nota general Estado físico: presenta encuadernación en pergamino con cintas rotas, lomo semi desprendido y carece de la mitad de la portada
600 14 - PUNTO DE ACCESO ADICIONAL DE MATERIA--NOMBRE DE PERSONA
Nombre de persona Teresa de Jesús, Santa
Fechas asociadas al nombre 1515 - 1582
9 (RLIN) 21873
650 14 - PUNTO DE ACCESO ADICIONAL DE MATERIA--TÉRMINO DE MATERIA
Término de materia o nombre geográfico como elemento de entrada Vida espiritual
Subdivisión cronológica Obras anteriores a 1800
9 (RLIN) 21952
902 ## - CATALOGADOR
Iniciales CFM
942 ## - ELEMENTOS DE PUNTO DE ACCESO ADICIONAL (KOHA)
Fuente del sistema de clasificación o colocación Library of Congress Classification
Tipo de ítem Koha Libros
Holdings
Estado de retiro Estado de pérdida Estado dañado No para préstamo Localización permanente Ubicación/localización actual Fecha de adquisición Total de préstamos Signatura topográfica completa Código de barras Fecha visto por última vez Precio válido a partir de Tipo de ítem Koha
El ejemplar forma parte de la colección y puede ser consultado según las políticas vigentes.       Biblioteca del Museo Franz Mayer (Rogerio Casas-Alatriste) Biblioteca del Museo Franz Mayer (Rogerio Casas-Alatriste) 24/04/2017   BE190 .O27 1678 CFM00136 22/03/2019 22/03/2019 Libros